[Event "TCh-FRA Top 12 2015"]
[Site "Montpellier FRA"]
[Date "2015.06.05"]
[Round "7.1"]
[Board "4"]
[White "Iordachescu, Viorel"]
[Black "Bauer, Christian"]
[Result "1-0"]
[WhiteTitle "GM"]
[BlackTitle "GM"]
[WhiteElo "2588"]
[BlackElo "2624"]
[WhiteTeam "METZ FISCHER"]
[BlackTeam "C-E BOIS-COLOMBES"]
[WhiteFideId "13900200"]
[BlackFideId "603767"]
[EventDate "2015.05.30"]

1. e4 c6 2. d4 d5 3. e5 Bf5 4. Nf3 e6 5. Be2 Nd7 6. O-O h6 7. Nbd2 Ne7 8. c3 Bh7
9. Re1 Rc8 10. b4 a5 11. Nb3 b6 12. bxa5 bxa5 13. Ba3 Ng6 14. Bxf8 Ngxf8 15. c4
a4 16. Nbd2 Qa5 17. Rc1 Ra8 18. h4 Ng6 19. Bd3 O-O 20. Qc2 Rfb8 21. Re3 Ndf8 22.
g3 Rb7 23. cxd5 cxd5 24. h5 Ne7 25. Bxh7+ Nxh7 26. Rc3 Nf8 27. Kg2 Qa6 28. Qd1
Rb2 29. R1c2 Rxc2 30. Qxc2 Nd7 31. Nb1 Nb6 32. Rc7 Ra7 33. Rxa7 Qxa7 34. Qc5
Nec8 35. Nc3 Qd7 36. Nd2 Kh7 37. Nb5 Kg8 38. Nb1 Nc4 39. N1c3 N8b6 40. Qc7 Qxc7
41. Nxc7 Kf8 42. Kf3 Ke7 43. Ke2 f6 44. f4 f5 45. Na6 a3 46. Nc5 Na5 47. Nb5 Nc6
48. Nxa3 Nxd4+ 49. Kd3 Nc6 50. Nc2 Nd7 51. Nb3 Nb6 52. Nbd4 Nb8 53. Nb4 Kd7 54.
Nb3 Na4 55. a3 Kc7 56. Ke3 Nd7 57. Kd4 Kb6 58. Nxd5+ exd5 59. Kxd5 Kc7 60. Nd4
Nc3+ 61. Ke6 Nc5+ 62. Kf7 N3e4 63. Nxf5 Kd7 64. Kxg7 Ke6 65. Kg6 Nd3 66. Ng7+
Kd5 67. e6 Kd6 68. Kf7 1-0

[Event "TCh-FRA Top 12 2015"]
[Site "Montpellier FRA"]
[Date "2015.06.05"]
[Round "7.1"]
[Board "5"]
[White "Cornette, Matthieu"]
[Black "Koch, Jean-Rene"]
[Result "1/2-1/2"]
[WhiteTitle "GM"]
[BlackTitle "IM"]
[WhiteElo "2590"]
[BlackElo "2452"]
[WhiteTeam "C-E BOIS-COLOMBES"]
[BlackTeam "METZ FISCHER"]
[WhiteFideId "620084"]
[BlackFideId "600148"]
[EventDate "2015.05.30"]

1. e4 e5 2. Nf3 Nf6 3. Nxe5 d6 4. Nf3 Nxe4 5. d4 d5 6. Bd3 Nc6 7. O-O Bg4 8. c4
Nf6 9. Nc3 Bxf3 10. Qxf3 Nxd4 11. Qh3 dxc4 12. Bxc4 Be7 13. Bg5 O-O 14. Rad1 Qd6
15. Rfe1 Rad8 16. b3 c5 17. Nb5 Qd7 18. Nxd4 cxd4 19. Qxd7 Rxd7 20. Bb5 Rd5 21.
Rxe7 Rxb5 22. Bxf6 gxf6 23. Rxd4 Re5 24. Rxe5 fxe5 25. Rd7 Rc8 26. g3 Rc2 27. a4
b6 28. Rxa7 Rb2 29. Re7 Rxb3 30. Rxe5 Rb4 31. Re8+ Kg7 32. Ra8 b5 33. axb5 Rxb5
34. Ra6 h5 35. Kg2 f6 36. Ra2 Kg6 37. Kh3 Rf5 38. f4 Rb5 39. Kh4 Rc5 40. Ra7 Rb5
41. h3 Rc5 42. g4 hxg4 43. hxg4 Rc3 44. f5+ Kh6 45. Rf7 Rc6 46. Kg3 Ra6 47. Kf3
Ra3+ 48. Ke4 Ra4+ 49. Kd5 Rxg4 50. Ke6 Ra4 51. Rxf6+ Kg7 52. Rf7+ Kg8 53. Rd7
Ra6+ 54. Ke7 Kg7 55. Rb7 Rf6 56. Rb5 Rf7+ 57. Ke6 Rf6+ 58. Ke5 Ra6 59. Rb7+ Kf8
60. Kf4 Rc6 61. Kg5 Ra6 62. f6 Ra1 1/2-1/2

[Event "TCh-FRA Top 12 2015"]
[Site "Montpellier FRA"]
[Date "2015.06.05"]
[Round "7.1"]
[Board "6"]
[White "Terrieux, Kevin"]
[Black "Koziak, Vitali"]
[Result "0-1"]
[WhiteTitle "IM"]
[BlackTitle "IM"]
[WhiteElo "2439"]
[BlackElo "2467"]
[WhiteTeam "METZ FISCHER"]
[BlackTeam "C-E BOIS-COLOMBES"]
[WhiteFideId "622591"]
[BlackFideId "14102234"]
[EventDate "2015.05.30"]

1. d4 d5 2. c4 c6 3. Nf3 Nf6 4. g3 Bf5 5. Qb3 Qb6 6. Bg2 Qxb3 7. axb3 Bxb1 8.
Rxb1 Nbd7 9. Bf4 e6 10. O-O Be7 11. Ne1 O-O 12. Nd3 Rfd8 13. Bc7 Re8 14. Rfd1
Rac8 15. Bf4 h6 16. Ra1 a6 17. c5 g5 18. Bd2 Ne4 19. Be3 f5 20. f3 Nef6 21. Bd2
Bf8 22. Bc3 Bg7 23. Re1 Re7 24. Nf2 e5 25. dxe5 Nxe5 26. e4 fxe4 27. fxe4 Rce8
28. exd5 Nxd5 29. Bxd5+ cxd5 30. Kg2 Nc6 31. Rxe7 Rxe7 32. Bxg7 Kxg7 33. Rd1 d4
34. Rd2 Re3 35. Nd3 Kf6 36. h4 gxh4 37. gxh4 Kf5 38. Nc1 Ke4 39. Ne2 Rxb3 40.
Ng3+ Kd5 41. Nf5 d3 42. Nxh6 Ne5 43. Rd1 Rxb2+ 44. Kg3 Ke4 45. h5 Re2 46. Ng8 d2 0-1

[Event "TCh-FRA Top 12 2015"]
[Site "Montpellier FRA"]
[Date "2015.06.05"]
[Round "7.1"]
[Board "7"]
[White "Shoker, Samy"]
[Black "Neiman, Emmanuel"]
[Result "1/2-1/2"]
[WhiteTitle "GM"]
[BlackTitle "FM"]
[WhiteElo "2484"]
[BlackElo "2271"]
[WhiteTeam "C-E BOIS-COLOMBES"]
[BlackTeam "METZ FISCHER"]
[WhiteFideId "627143"]
[BlackFideId "601616"]
[EventDate "2015.05.30"]

1. g3 g6 2. Bg2 Bg7 3. c4 d6 4. Nc3 Nf6 5. d3 O-O 6. Rb1 a5 7. a3 e5 8. Nf3 Nc6
9. O-O Re8 10. Nd2 Nd4 11. b4 axb4 12. axb4 c6 13. Bb2 h5 14. e3 Ne6 15. Nf3 Nc7
16. Ra1 Rxa1 17. Qxa1 Na6 18. b5 Nc5 19. Rd1 Qc7 20. Qa7 Ne6 21. Nd2 c5 22. Nde4
Nxe4 23. Nxe4 Qd8 24. Qb8 Bf8 25. f4 f5 26. Nf2 Qc7 27. Qxc7 Nxc7 28. fxe5 dxe5
29. Ra1 Bd6 30. Ra7 b6 31. Bc6 Re7 32. e4 Kf7 33. Nd1 fxe4 34. dxe4 Ne6 35. Ra8
Bb7 36. Bxb7 Rxb7 37. Kg2 Nd4 38. Ne3 Nb3 39. Bc3 Nd4 40. Nd5 Bb8 41. Ra6 Ba7
42. Ra2 Rd7 43. h3 Kg7 44. Rf2 Rb7 45. g4 hxg4 46. hxg4 Rf7 47. Bxd4 cxd4 48.
Rxf7+ Kxf7 49. Kf3 Ke6 50. Ke2 Kd6 51. Kd2 Kd7 52. Kd3 Kd6 53. Kc2 Kd7 54. Nf6+
Ke6 55. Nh7 Ke7 56. g5 Bb8 57. Nf6 Bc7 58. Ng4 Ke6 59. Nh2 Bd8 60. Nf3 Be7 61.
Kd3 Bd8 62. Ke2 Be7 63. Kd2 Bd8 64. Kc2 Be7 65. Kd3 Bd8 66. Ke2 Be7 67. Kf2 Bd8
68. Ke2 1/2-1/2

[Event "TCh-FRA Top 12 2015"]
[Site "Montpellier FRA"]
[Date "2015.06.05"]
[Round "7.1"]
[Board "8"]
[White "Benmesbah, Natacha"]
[Black "Guichard, Pauline"]
[Result "0-1"]
[WhiteTitle "WIM"]
[BlackTitle "WGM"]
[WhiteElo "2199"]
[BlackElo "2367"]
[WhiteTeam "METZ FISCHER"]
[BlackTeam "C-E BOIS-COLOMBES"]
[WhiteFideId "642002"]
[BlackFideId "639370"]
[EventDate "2015.05.30"]

1. e4 e5 2. Nf3 Nc6 3. Bc4 Nf6 4. d3 h6 5. h3 d6 6. c3 g6 7. O-O Bg7 8. Re1 O-O
9. d4 Qe7 10. Nbd2 Re8 11. dxe5 Nxe5 12. Nxe5 dxe5 13. b4 a5 14. b5 a4 15. Rb1
Nd7 16. Nf1 Nb6 17. Ne3 Nxc4 18. Nxc4 Be6 19. Rb4 Bf8 20. Rxa4 Qc5 21. Rb4 Rxa2
22. Be3 Qe7 23. Nxe5 Rd8 24. Rd4 Rda8 25. Rd2 R2a5 26. Qe2 Bg7 27. f4 Bxe5 28.
fxe5 Qh4 29. Bf2 Qg5 30. Qd3 Qxe5 31. Bd4 Qxb5 32. Qf3 Qg5 33. Rb2 b6 34. Bf6
Qh5 35. Qxh5 Rxh5 36. Rd2 Rha5 37. Red1 g5 38. Rd8+ Kh7 39. Rxa8 Rxa8 40. Rd8
Ra1+ 41. Kf2 g4 42. hxg4 Bxg4 43. Kg3 Be6 44. Be5 c5 45. Rb8 Rb1 46. Kh4 Rh1+
47. Kg3 Re1 48. Kf3 Rb1 49. Rh8+ Kg6 50. Rg8+ Kh5 51. Bg3 Rc1 52. Bf2 Rxc3+ 53.
Kf4 Rc2 54. Be3 Re2 55. g3 Re1 56. Rb8 Rb1 57. Ke5 Rb3 58. Kf4 Kg6 59. g4 Rb4
60. Kf3 Kg7 61. Bf4 Rb1 62. Be5+ f6 63. Bc7 b5 64. Bd6 c4 65. Bf8+ Kg6 66. Rb6
Kf7 67. Bxh6 c3 68. g5 fxg5 69. Bxg5 c2 70. e5 Bc4 71. Ke4 c1=Q 72. Bxc1 Rxc1
73. Kd4 Rd1+ 74. Ke4 Bd5+ 75. Ke3 Rb1 76. Kd4 Bc4 77. Kc5 Rd1 78. Kb4 Rd5 79.
e6+ Ke7 80. Rc6 Rd6 81. Rc8 Rxe6 82. Rb8 Kd7 83. Kc5 Kc7 84. Rh8 Re5+ 85. Kb4
Re4 86. Kc5 Kb7 87. Rh6 Re5+ 88. Kb4 Be6 89. Ka5 Kc6 90. Rh1 Kc5 91. Rc1+ Bc4
92. Rb1 Kc6 93. Kb4 Re3 94. Rh1 Rb3+ 95. Ka5 Kc5 96. Rh5+ Bd5 0-1

[Event "TCh-FRA Top 12 2015"]
[Site "Montpellier FRA"]
[Date "2015.06.05"]
[Round "7.2"]
[Board "1"]
[White "Navara, David"]
[Black "Solodovnichenko, Yuri"]
[Result "1-0"]
[WhiteTitle "GM"]
[BlackTitle "GM"]
[WhiteElo "2751"]
[BlackElo "2592"]
[WhiteTeam "MULHOUSE PHILIDOR"]
[BlackTeam "VANDOEUVRE-ECHECS"]
[WhiteFideId "309095"]
[BlackFideId "14104369"]
[EventDate "2015.05.30"]

1. e4 c5 2. Nf3 d6 3. d4 cxd4 4. Nxd4 Nf6 5. Nc3 a6 6. h3 e6 7. g4 Be7 8. g5
Nfd7 9. Be3 b5 10. a3 Bb7 11. h4 Nc6 12. Qd2 Nc5 13. f3 O-O 14. O-O-O Ne5 15.
Rg1 Rc8 16. h5 d5 17. g6 hxg6 18. f4 Nc4 19. Bxc4 dxc4 20. hxg6 fxg6 21. Rxg6
Rf6 22. Rg4 Rh6 23. f5 Rh7 24. fxe6 Bf6 25. Qf2 Qf8 26. Rf4 Qe8 27. Rxf6 gxf6
28. Rg1+ Rg7 29. Rxg7+ Kxg7 30. Nf5+ 1-0

[Event "TCh-FRA Top 12 2015"]
[Site "Montpellier FRA"]
[Date "2015.06.05"]
[Round "7.2"]
[Board "2"]
[White "Bailet, Pierre"]
[Black "Gajewski, Grzegorz"]
[Result "0-1"]
[WhiteTitle "IM"]
[BlackTitle "GM"]
[WhiteElo "2519"]
[BlackElo "2648"]
[WhiteTeam "VANDOEUVRE-ECHECS"]
[BlackTeam "MULHOUSE PHILIDOR"]
[WhiteFideId "655830"]
[BlackFideId "1116207"]
[EventDate "2015.05.30"]

1. d4 Nf6 2. c4 e6 3. Nf3 b6 4. g3 Bb7 5. Bg2 g6 6. Nc3 Ne4 7. Nxe4 Bxe4 8. O-O
Bg7 9. Bg5 f6 10. Be3 O-O 11. d5 e5 12. Bh3 g5 13. Nd2 Bg6 14. f4 exf4 15. gxf4
Qe7 16. Bd4 c5 17. Bf2 gxf4 18. Nf3 Be4 19. Qd2 Qd6 20. Kh1 Nc6 21. Rg1 Ne7 22.
Bg2 Ng6 23. Nh4 f5 24. Bf3 Kh8 25. Rg2 Nxh4 26. Bxh4 Rg8 27. Bg5 Be5 28. Rf1
Raf8 29. b3 h6 30. Bh4 Rxg2 31. Kxg2 Qg6+ 32. Kh3 Rg8 33. Be1 Qh5+ 0-1

[Event "TCh-FRA Top 12 2015"]
[Site "Montpellier FRA"]
[Date "2015.06.05"]
[Round "7.2"]
[Board "3"]
[White "Wojtaszek, Radoslaw"]
[Black "Donchenko, Alexander"]
[Result "1/2-1/2"]
[WhiteTitle "GM"]
[BlackTitle "IM"]
[WhiteElo "2746"]
[BlackElo "2570"]
[WhiteTeam "MULHOUSE PHILIDOR"]
[BlackTeam "VANDOEUVRE-ECHECS"]
[WhiteFideId "1118358"]
[BlackFideId "24603295"]
[EventDate "2015.05.30"]

1. d4 Nf6 2. c4 e6 3. Nf3 Bb4+ 4. Bd2 a5 5. g3 b6 6. Bg2 Bb7 7. O-O O-O 8. Bf4
Be7 9. Nc3 Ne4 10. Qc2 Nxc3 11. bxc3 f5 12. Ne1 Bxg2 13. Nxg2 a4 14. e4 fxe4 15.
Qxe4 Ra5 16. Rab1 Bf6 17. Rfe1 Qc8 18. h4 Nc6 19. d5 Nd8 20. d6 Nc6 21. Re3 Be5
22. dxc7 Bxc7 23. Rd1 Bxf4 24. Nxf4 Ne5 25. Rd4 Nc6 26. Rd1 Ne5 27. Rd4 Nc6 28.
Rd1 1/2-1/2

[Event "TCh-FRA Top 12 2015"]
[Site "Montpellier FRA"]
[Date "2015.06.05"]
[Round "7.2"]
[Board "4"]
[White "Hamitevici, Vladimir"]
[Black "Sokolov, Andrei1"]
[Result "1/2-1/2"]
[WhiteTitle "IM"]
[BlackTitle "GM"]
[WhiteElo "2429"]
[BlackElo "2520"]
[WhiteTeam "VANDOEUVRE-ECHECS"]
[BlackTeam "MULHOUSE PHILIDOR"]
[WhiteFideId "13902393"]
[BlackFideId "627089"]
[EventDate "2015.05.30"]

1. e4 c5 2. Nf3 e6 3. d4 cxd4 4. Nxd4 a6 5. Nc3 Qc7 6. f4 Nc6 7. Nxc6 Qxc6 8.
Bd3 b5 9. Qe2 Bc5 10. e5 f5 11. Be3 Bb7 12. Bxc5 Qxc5 13. Qf2 Qxf2+ 14. Kxf2 Ne7
15. h4 Nd5 16. Nxd5 Bxd5 17. Rhd1 Ke7 18. c3 g6 19. Be2 Rhc8 20. Rd4 Rab8 21.
Rad1 Rc7 22. a3 a5 23. R1d2 Rbb7 24. h5 gxh5 25. Kg3 b4 26. axb4 axb4 27. cxb4
Rc1 28. Bxh5 Rc4 29. Rxc4 Bxc4 30. Bf3 Rb8 31. Kh4 Bd5 32. Bxd5 exd5 33. Rxd5
Rxb4 34. g3 Rxb2 35. Rd6 Rh2+ 36. Kg5 Rh3 37. Kxf5 Rxg3 38. Rh6 Rg7 39. Ke4 Ke8
40. Rh5 Kf8 41. Kd5 Rg4 42. f5 Rf4 43. Rxh7 Rxf5 44. Rxd7 Rf1 45. Ke6 Re1 46.
Rf7+ Ke8 47. Ra7 Kf8 48. Ra8+ Kg7 49. Re8 Ra1 50. Rd8 Re1 51. Ra8 Re2 52. Ra1
Kf8 53. Rf1+ Ke8 54. Rc1 Kf8 55. Rc8+ Kg7 56. Kd6 Kf7 57. Rc7+ Kf8 58. Ra7 Rd2+
59. Ke6 Re2 60. Ra8+ Kg7 61. Re8 Ra2 62. Rc8 Re2 63. Rc5 Kf8 64. Rd5 Ke8 65. Rb5
Kf8 66. Rb8+ Kg7 67. Rd8 Re1 68. Rd5 Kf8 69. Kd6 Ra1 70. Rd2 Ke8 71. Ke6 Rh1 72.
Rf2 Ra1 73. Kf6 Ra6+ 74. e6 Ra1 75. Rf5 Rb1 76. Rh5 Rf1+ 77. Rf5 Rxf5+ 78. Kxf5
Ke7 79. Ke5 Ke8 80. Kf6 Kf8 81. e7+ Ke8 82. Ke6 1/2-1/2

[Event "TCh-FRA Top 12 2015"]
[Site "Montpellier FRA"]
[Date "2015.06.05"]
[Round "7.2"]
[Board "5"]
[White "Degraeve, Jean-Marc"]
[Black "Brunner, Nicolas"]
[Result "1/2-1/2"]
[WhiteTitle "GM"]
[BlackTitle "IM"]
[WhiteElo "2555"]
[BlackElo "2432"]
[WhiteTeam "MULHOUSE PHILIDOR"]
[BlackTeam "VANDOEUVRE-ECHECS"]
[WhiteFideId "600270"]
[BlackFideId "620246"]
[EventDate "2015.05.30"]

1. e4 e6 2. d4 d5 3. Nd2 c5 4. Ngf3 cxd4 5. Nxd4 Nf6 6. exd5 Qxd5 7. Nb5 Na6 8.
Nc3 Qd8 9. a3 Bd7 10. Nc4 Bc6 11. Qxd8+ Rxd8 12. Na5 Nb8 13. Be3 a6 14. Rd1
Rxd1+ 15. Kxd1 Bd6 16. Kc1 Ng4 17. Bb6 Bxh2 18. Nxc6 Bf4+ 19. Kb1 Nxc6 20. Ne4
Nf6 21. Nxf6+ gxf6 22. Be2 Ke7 23. c3 f5 24. Kc2 Bd6 25. b4 Rg8 26. Bf3 Ne5 27.
Rxh7 Nxf3 28. gxf3 Rc8 29. Kd3 Rc6 30. Bd4 e5 31. Be3 b5 32. Bg5+ Ke6 33. Rh6+
Kd5 34. Kc2 e4 35. fxe4+ fxe4 36. Rh5 Ke6 37. Rh6+ Kd5 38. Rh5 Be5 39. Bf4 f6
40. Bxe5 fxe5 41. Rh8 Rf6 42. Rd8+ Kc6 43. Rd2 Rf3 44. Kb3 e3 45. fxe3 Rxe3 46.
Rd1 Rf3 47. Rd8 Rf6 48. a4 bxa4+ 49. Kxa4 Re6 50. c4 e4 51. Rd2 Kb6 52. Kb3 a5
53. bxa5+ Kxa5 54. Kc3 Kb6 55. Kd4 Rd6+ 56. Ke3 Rxd2 57. Kxd2 Kc5 58. Ke3 Kxc4
59. Kxe4 1/2-1/2

[Event "TCh-FRA Top 12 2015"]
[Site "Montpellier FRA"]
[Date "2015.06.05"]
[Round "7.2"]
[Board "6"]
[White "Nezar, Mustapha"]
[Black "Riff, Jean-Noel"]
[Result "0-1"]
[WhiteTitle "IM"]
[BlackTitle "GM"]
[WhiteElo "2382"]
[BlackElo "2488"]
[WhiteTeam "VANDOEUVRE-ECHECS"]
[BlackTeam "MULHOUSE PHILIDOR"]
[WhiteFideId "608637"]
[BlackFideId "611190"]
[EventDate "2015.05.30"]

1. d4 e6 2. c4 Nf6 3. Nc3 Bb4 4. Qc2 O-O 5. e4 d6 6. Bd2 Nc6 7. Nge2 e5 8. d5
Nd4 9. Qd3 c5 10. dxc6 bxc6 11. f3 Nd7 12. Nxd4 exd4 13. Qxd4 Bc5 14. Qd3 Ne5
15. Qe2 f5 16. O-O-O Be6 17. exf5 Bxc4 18. Qe4 Bf7 19. Na4 Nd7 20. Kb1 d5 21.
Qc2 Be7 22. Qxc6 Ne5 23. Qa6 Qd7 24. Bc3 Qxf5+ 25. Ka1 Rfc8 26. Bb5 Rab8 27.
Rhe1 Bf6 28. Re2 d4 29. g4 Qxf3 30. Bxd4 Nxg4 31. Bxf6 Qd5 32. Re8+ Rxe8 33. Nc3
Qe6 34. Bd4 Qxa6 35. Bxa6 Ne3 36. Rc1 Bg6 0-1

[Event "TCh-FRA Top 12 2015"]
[Site "Montpellier FRA"]
[Date "2015.06.05"]
[Round "7.2"]
[Board "7"]
[White "Ider, Borya"]
[Black "Philippe, Christophe"]
[Result "1/2-1/2"]
[WhiteTitle "IM"]
[BlackTitle "IM"]
[WhiteElo "2401"]
[BlackElo "2375"]
[WhiteTeam "MULHOUSE PHILIDOR"]
[BlackTeam "VANDOEUVRE-ECHECS"]
[WhiteFideId "4901134"]
[BlackFideId "610038"]
[EventDate "2015.05.30"]

1. d4 Nf6 2. Nf3 e6 3. c4 Bb4+ 4. Bd2 a5 5. g3 O-O 6. Bg2 d6 7. O-O Bxd2 8. Qxd2
Ne4 9. Qc2 f5 10. Nc3 Nxc3 11. Qxc3 Nd7 12. c5 Nf6 13. cxd6 cxd6 14. Nd2 Ra7 15.
Rfc1 b6 16. b4 Bd7 17. bxa5 bxa5 18. Rab1 d5 19. f4 Qa8 20. Nb3 Rc8 21. Nc5 h6
22. Qe3 Ne4 23. Bxe4 dxe4 24. Qb3 Rac7 25. e3 Kh7 26. Qb6 Qd5 27. Qxa5 g5 28.
Rb8 gxf4 29. gxf4 e5 30. Rxc8 Rxc8 31. fxe5 Qg8+ 32. Kh1 Qg4 33. Qd2 f4 34. Qg2
fxe3 35. Qxg4 Bxg4 36. Kg2 Rf8 37. h3 Rf2+ 38. Kg3 Bf5 39. e6 Rf3+ 40. Kh2 e2
41. e7 Bg6 42. Re1 Rf2+ 43. Kg1 e3 44. Ne6 Bh5 45. Nc7 Bf3 46. e8=Q Rg2+ 47. Kh1
Rg3+ 48. Kh2 1/2-1/2

[Event "TCh-FRA Top 12 2015"]
[Site "Montpellier FRA"]
[Date "2015.06.05"]
[Round "7.2"]
[Board "8"]
[White "Steil-Antoni, Fiona"]
[Black "Choisy, Mathilde"]
[Result "1/2-1/2"]
[WhiteTitle "WIM"]
[BlackTitle "WFM"]
[WhiteElo "2094"]
[BlackElo "2182"]
[WhiteTeam "VANDOEUVRE-ECHECS"]
[BlackTeam "MULHOUSE PHILIDOR"]
[WhiteFideId "4001249"]
[BlackFideId "634565"]
[EventDate "2015.05.30"]

1. e4 Nf6 2. Nc3 d5 3. e5 Nfd7 4. d4 e6 5. f4 c5 6. Nf3 Nc6 7. Ne2 Be7 8. c3 O-O
9. g3 b5 10. Bg2 b4 11. O-O Nb6 12. Kh1 Ba6 13. Re1 Bxe2 14. Rxe2 bxc3 15. bxc3
Nc4 16. Qa4 Qb6 17. Nd2 N6a5 18. Rb1 Qc7 19. Nxc4 Nxc4 20. f5 cxd4 21. cxd4 Rab8
22. Rxb8 Qxb8 23. Qb3 Qc8 24. Rc2 Qc6 25. fxe6 fxe6 26. h4 a5 27. Kh2 a4 28. Qd3
Qb6 29. Re2 a3 30. Bh3 Bb4 31. Kg2 Qc6 32. Rc2 Qb6 33. Re2 Qc6 34. Rc2 Qb6 35.
Re2 Qc6 1/2-1/2

[Event "TCh-FRA Top 12 2015"]
[Site "Montpellier FRA"]
[Date "2015.06.05"]
[Round "7.3"]
[Board "2"]
[White "Fier, Alexandr"]
[Black "Nataf, Igor-Alexandre"]
[Result "1/2-1/2"]
[WhiteTitle "GM"]
[BlackTitle "GM"]
[WhiteElo "2632"]
[BlackElo "2534"]
[WhiteTeam "MONTPELLIER"]
[BlackTeam "C.E. STRASBOURG"]
[WhiteFideId "2107139"]
[BlackFideId "605492"]
[EventDate "2015.05.30"]

1. d4 Nf6 2. c4 g6 3. Nc3 Bg7 4. e4 d6 5. Be2 O-O 6. Bg5 c5 7. d5 h6 8. Bf4 e6
9. dxe6 Bxe6 10. Bxd6 Re8 11. e5 Nfd7 12. f4 Nc6 13. Nf3 f6 14. O-O fxe5 15. Bd3
Bf7 16. f5 gxf5 17. Bxf5 Nb6 18. Bxc5 Qxd1 19. Rfxd1 Nxc4 20. b3 Nd4 21. Be4
Rac8 22. bxc4 Rxc5 23. Bxb7 Rxc4 24. Ne4 Rd8 1/2-1/2

[Event "TCh-FRA Top 12 2015"]
[Site "Montpellier FRA"]
[Date "2015.06.05"]
[Round "7.3"]
[Board "3"]
[White "Sanikidze, Tornike"]
[Black "Libiszewski, Fabien"]
[Result "1/2-1/2"]
[WhiteTitle "GM"]
[BlackTitle "GM"]
[WhiteElo "2515"]
[BlackElo "2531"]
[WhiteTeam "C.E. STRASBOURG"]
[BlackTeam "MONTPELLIER"]
[WhiteFideId "13602608"]
[BlackFideId "616834"]
[EventDate "2015.05.30"]

1. d4 d6 2. e4 Nf6 3. f3 d5 4. e5 Nfd7 5. f4 c5 6. c3 Nc6 7. Nf3 cxd4 8. cxd4
Nb6 9. Nc3 Bf5 10. Bd3 Bxd3 11. Qxd3 e6 12. f5 Be7 13. O-O Rc8 14. f6 gxf6 15.
exf6 Bxf6 16. Bh6 Rg8 17. Ne5 Bxe5 18. dxe5 Rg6 19. Qh3 Nd7 20. Rae1 Ncxe5 21.
Bf4 Qb6+ 22. Kh1 Qxb2 23. Nxd5 Nd3 24. Nc7+ Rxc7 25. Bxc7 Nxe1 26. Rxe1 Qd2 27.
Rg1 Nf6 28. Qa3 Ng4 29. Bg3 Nf2+ 30. Bxf2 Qxf2 31. Qd6 Qb6 32. Qb8+ Ke7 33. Rc1
Qb2 34. Rc7+ Kf6 35. Qh8+ Rg7 36. Qd8+ Kg6 37. Qd3+ Kh6 38. Qh3+ Kg6 39. Qg4+
Kh6 40. Qh4+ Kg6 1/2-1/2

[Event "TCh-FRA Top 12 2015"]
[Site "Montpellier FRA"]
[Date "2015.06.05"]
[Round "7.3"]
[Board "4"]
[White "Flear, Glenn C"]
[Black "Vaisser, Anatoly"]
[Result "1/2-1/2"]
[WhiteTitle "GM"]
[BlackTitle "GM"]
[WhiteElo "2460"]
[BlackElo "2530"]
[WhiteTeam "MONTPELLIER"]
[BlackTeam "C.E. STRASBOURG"]
[WhiteFideId "400165"]
[BlackFideId "603252"]
[EventDate "2015.05.30"]

1. d4 Nf6 2. c4 c5 3. d5 b5 4. cxb5 a6 5. bxa6 g6 6. Nc3 Bg7 7. e4 O-O 8. e5 Ne8
9. Nf3 d6 10. exd6 Nxd6 11. Be2 Nxa6 12. Bd2 Bb7 13. O-O Qb6 14. Na4 Qa7 15. Bc3
Nc7 16. Bxg7 Kxg7 17. Nc3 Rfd8 18. Qd2 Nf5 19. Qf4 Nxd5 20. Nxd5 Bxd5 21. Rfd1
Rab8 22. a3 f6 23. b4 e5 24. Qc1 Nd4 25. Nxd4 cxd4 26. Qd2 Bb3 27. Rdc1 d3 28.
Bd1 Bxd1 29. Rxd1 Rbc8 30. Rdc1 Rxc1+ 31. Rxc1 Qxa3 32. Rc7+ Kg8 33. h4 Qa4 34.
Qh6 Rd7 35. Rc8+ Kf7 36. Qxh7+ Ke6 37. Qg8+ Kf5 38. g4+ Kf4 39. Qxg6 Qd1+ 40.
Kh2 Qxg4 41. Rc4+ Rd4 42. Rxd4+ exd4 43. Qxd3 Qxh4+ 44. Kg2 Qg5+ 45. Kf1 Qd5 1/2-1/2

[Event "TCh-FRA Top 12 2015"]
[Site "Montpellier FRA"]
[Date "2015.06.05"]
[Round "7.3"]
[Board "5"]
[White "Sebag, Marie"]
[Black "Mista, Aleksander"]
[Result "1/2-1/2"]
[WhiteTitle "GM"]
[BlackTitle "GM"]
[WhiteElo "2483"]
[BlackElo "2556"]
[WhiteTeam "C.E. STRASBOURG"]
[BlackTeam "MONTPELLIER"]
[WhiteFideId "617822"]
[BlackFideId "1110381"]
[EventDate "2015.05.30"]

1. e4 c5 2. Nf3 e6 3. c3 d5 4. exd5 Qxd5 5. d4 Nf6 6. Bd3 Be7 7. O-O O-O 8. Qe2
Nc6 9. dxc5 Qxc5 10. Nbd2 Rd8 11. Ne4 Nxe4 12. Bxe4 Bf6 13. Be3 Qe7 14. Rad1 Bd7
15. Nd4 Nxd4 16. Bxd4 Bxd4 17. Rxd4 Bc6 18. Rfd1 1/2-1/2

[Event "TCh-FRA Top 12 2015"]
[Site "Montpellier FRA"]
[Date "2015.06.05"]
[Round "7.3"]
[Board "6"]
[White "Brochet, Philippe"]
[Black "Rozentalis, Eduardas"]
[Result "0-1"]
[WhiteTitle "IM"]
[BlackTitle "GM"]
[WhiteElo "2382"]
[BlackElo "2529"]
[WhiteTeam "MONTPELLIER"]
[BlackTeam "C.E. STRASBOURG"]
[WhiteFideId "602469"]
[BlackFideId "12800023"]
[EventDate "2015.05.30"]

1. e4 Nf6 2. e5 Nd5 3. c4 Nb6 4. c5 Nd5 5. Nc3 c6 6. Nxd5 cxd5 7. d4 b6 8. cxb6
Qxb6 9. Nf3 e6 10. Be2 Ba6 11. O-O Bxe2 12. Qxe2 Nc6 13. Be3 Be7 14. Rfc1 O-O
15. Rc3 f6 16. Rb3 Qc7 17. Bf4 fxe5 18. Bxe5 Bd6 19. Rc3 Rf5 20. Qa6 Raf8 21.
Rf1 h6 22. b4 Rxf3 23. Rxf3 Rxf3 24. Bxd6 Qxd6 25. gxf3 Qf4 26. Rd1 Nxd4 27.
Qc8+ Kh7 28. Rxd4 Qxd4 29. Qxd7 Qxb4 30. Qxe6 Qb1+ 31. Kg2 Qg6+ 32. Qg4 h5 33.
Qg3 h4 34. Qg4 Kh6 35. a4 d4 36. Kf1 d3 37. h3 Qxg4 38. fxg4 Kg5 39. Ke1 Kf4 40.
Kd2 Kf3 41. Kxd3 Kxf2 0-1

[Event "TCh-FRA Top 12 2015"]
[Site "Montpellier FRA"]
[Date "2015.06.05"]
[Round "7.3"]
[Board "7"]
[White "Heinz, Timothee"]
[Black "Collas, Silvia"]
[Result "0-1"]
[WhiteTitle "FM"]
[BlackTitle "IM"]
[WhiteElo "2350"]
[BlackElo "2306"]
[WhiteTeam "C.E. STRASBOURG"]
[BlackTeam "MONTPELLIER"]
[WhiteFideId "623369"]
[BlackFideId "2902265"]
[EventDate "2015.05.30"]

1. c4 e5 2. g3 c6 3. d4 Bb4+ 4. Bd2 Bxd2+ 5. Qxd2 d6 6. Bg2 Nf6 7. Nc3 O-O 8. e3
Re8 9. Nge2 Nbd7 10. O-O Nf8 11. h3 e4 12. Kh2 Bf5 13. Nf4 h6 14. Rae1 N8h7 15.
Qd1 Ng5 16. g4 Bd7 17. f3 exf3 18. Bxf3 Nfe4 19. Nxe4 Nxe4 20. Qc2 Qe7 21. Nh5
d5 22. Bxe4 Qd6+ 23. Ng3 Rxe4 24. Kg2 Re7 25. c5 Qc7 26. Rf3 Qa5 27. Ra1 Rae8
28. Kf2 b6 29. a3 bxc5 30. dxc5 Rb8 31. Rc1 Bc8 32. Rf4 Reb7 33. Ra4 Qd8 34. b4
d4 35. exd4 Qxd4+ 36. Kg2 Be6 37. Rd1 Bd5+ 38. Kh2 Qe5 39. Rd2 Re8 40. b5 Rxb5
41. Rb4 Rxb4 42. axb4 Qf4 43. Rf2 Qxb4 44. Qf5 Qxc5 45. g5 Re5 46. Qc8+ Kh7 0-1